00477nam a2200193 a 4500001001300000003000900013005001700022008004100039020001000080082001500090100001700105245001900122260004600141300000900187500003500196505001000231650002500241700001700266nice12345678IN_TiNIC20260116011643.0050524s1906 alia grp 000 0 urd  ac10000a297.5bAHM aAhmad, Anees aKaleed-E-Quran aAligarhbAligarh Muslim University c1906 a117p aincludes index and biblioraphy2 aIndex aIslam-Moral Theology1 aAhmad, Anees